000 00482nam a2200169Ia 4500
999 _c29275
_d29275
003 OSt
005 20210106113037.0
008 190216s9999||||xx |||||||||||||| ||und||
040 _coclc
082 _a894.812301
_bJOJ/I
100 _aJoji
_97997
245 0 _aIvide Sathyam Nilavilikkunnu /
_cJoji
260 _bNishagandhi Publications,l
_aTrissur:
_c2007.
300 _a383p
650 _aPadanam
942 _cBK
_2ddc
_h894.812301
_iJOJ/I
_k894.812301
_mJOJ/I